| 000 | 01068cam a2200217 4500 | ||
|---|---|---|---|
| 001 | X129111 | ||
| 008 | 050318n2005 000 0 eng u | ||
| 035 | _a(Sirsi) u129111 | ||
| 100 | _aKirkham, R. | ||
| 245 | _aRe-engineering the whole life cycle process | ||
| 260 | _c2005 | ||
| 490 |
_aConstruction Management and Economics _v23(1) January 2005, 9-14(6) |
||
| 520 | _aNotes that the use of Whole Life Cycle Costing (WLCC) in the construction industry is increasing. There are problems with the lack of detailed recordings of decisions based on WLCC analysis as data capture is crucial in the optimum delivery of this process. Reports on the development of the logbook, a WLCC model decision-support software application. The software should encourage the use of WLCC models as a pro-active rather than a retrospective process. | ||
| 590 | _aABS | ||
| 650 | _aLIFE CYCLE COSTING | ||
| 650 | _aCOST MODELLING | ||
| 650 | _aBUILT ENVIRONMENT-BUILDING COSTS | ||
| 650 | _aWHOLE LIFE COST MODELS | ||
| 690 | _aBUILT ENVIRONMENT-BUILDING COSTS | ||
| 942 | _n0 | ||
| 999 |
_c74952 _d74952 |
||